000
00236nam a2200097Ia 4500
008
240331s9999 xx 000 0 und d
082
_b
POC
100
_a
Syker,J. ed
245
4
_a
The pocket oxford dictionary of current English
942
_c
L
999
_c
3247
_d
3247